000 00405nam a2200169Ia 4500
008 180424s9999 xx 000 0 und d
084 _a158.7 K2
100 _a"Kolb, David A"
245 0 _aOrganizational Psychology
250 _a\\197400ENGGPSX
260 _aPrentice Hall
260 _b1974
260 _cEnglewood
300 _ax+422p
500 _aincludes index and biblioraphy
942 _cBK
999 _c40147
_d40147